[Event "blitzwomeanteam"]
[Site "?"]
[Date "2016.10.08"]
[Round "9.6"]
[White "Pustovoitova, Daria"]
[Black "Ovod, Evgenija"]
[Result "1-0"]
[LiveChessVersion "1.4.4"]
[BlackElo "2195"]
[WhiteElo "2405"]

1. c4 {[%clk 0:03:03]} f5 {[%clk 0:03:03]} 2. d4 {[%clk 0:03:02]} Nf6
{[%clk 0:03:04]} 3. g3 {[%clk 0:03:04]} d6 {[%clk 0:03:05]} 4. Bg2
{[%clk 0:03:05]} g6 {[%clk 0:03:05]} 5. Nc3 {[%clk 0:03:05]} Bg7 {[%clk 0:03:07]}
6. Nh3 {[%clk 0:03:06]} O-O {[%clk 0:03:04]} 7. O-O {[%clk 0:03:07]} e5
{[%clk 0:02:57]} 8. dxe5 {[%clk 0:03:07]} dxe5 {[%clk 0:02:58]} 9. b3
{[%clk 0:03:04]} Qxd1 {[%clk 0:02:50]} 10. Rxd1 {[%clk 0:03:05]} c6
{[%clk 0:02:48]} 11. Ba3 {[%clk 0:03:06]} Re8 {[%clk 0:02:49]} 12. Rd2
{[%clk 0:03:07]} Nbd7 {[%clk 0:02:34]} 13. Rad1 {[%clk 0:02:56]} e4
{[%clk 0:02:30]} 14. Na4 {[%clk 0:02:50]} b5 {[%clk 0:01:53]} 15. cxb5
{[%clk 0:02:24]} cxb5 {[%clk 0:01:54]} 16. Nc3 {[%clk 0:02:25]} Rb8
{[%clk 0:01:53]} 17. Bd6 {[%clk 0:02:24]} Rb6 {[%clk 0:01:51]} 18. f3
{[%clk 0:02:11]} Ng4 {[%clk 0:01:04]} 19. fxg4 {[%clk 0:01:46]} Bxc3
{[%clk 0:01:04]} 20. Rc2 {[%clk 0:01:48]} Rc6 {[%clk 0:00:47]} 21. Kh1
{[%clk 0:01:36]} Re6 {[%clk 0:00:25]} 22. gxf5 {[%clk 0:01:18]} gxf5
{[%clk 0:00:25]} 23. Nf4 {[%clk 0:01:06]} Rexd6 {[%clk 0:00:25]} 24. Rxd6
{[%clk 0:01:07]} Rxd6 {[%clk 0:00:26]} 25. Rxc3 {[%clk 0:01:08]} Nb6
{[%clk 0:00:21]} 26. Bh3 {[%clk 0:01:06]} 1-0

[Event "blitzwomeanteam"]
[Site "?"]
[Date "2016.10.08"]
[Round "9.7"]
[White "Vasilevich, Irina"]
[Black "Travkina, Anastasia"]
[Result "1-0"]
[LiveChessVersion "1.4.4"]
[BlackElo "2168"]
[WhiteElo "2165"]

1. e4 {[%clk 0:03:04]} c5 {[%clk 0:03:03]} 2. Nf3 {[%clk 0:03:05]} e6 3. d4 cxd4
{[%clk 0:03:05]} 4. Nxd4 {[%clk 0:03:08]} Nc6 {[%clk 0:03:06]} 5. Nc3
{[%clk 0:03:08]} Qc7 {[%clk 0:03:07]} 6. Be3 {[%clk 0:03:08]} Nf6
{[%clk 0:03:06]} 7. Qd2 {[%clk 0:03:06]} Bb4 {[%clk 0:03:04]} 8. Bd3
{[%clk 0:03:01]} d5 {[%clk 0:03:00]} 9. exd5 {[%clk 0:03:00]} Nxd5
{[%clk 0:03:00]} 10. O-O {[%clk 0:02:57]} Bxc3 {[%clk 0:02:40]} 11. bxc3
{[%clk 0:02:58]} Nxe3 {[%clk 0:02:40]} 12. Qxe3 {[%clk 0:02:55]} O-O
{[%clk 0:02:04]} 13. Nf3 {[%clk 0:02:52]} h6 {[%clk 0:01:54]} 14. Rfe1
{[%clk 0:02:38]} Bd7 {[%clk 0:01:46]} 15. Rab1 {[%clk 0:02:39]} Rab8
{[%clk 0:01:36]} 16. Rb5 {[%clk 0:02:35]} f5 {[%clk 0:00:57]} 17. Rbb1
{[%clk 0:02:26]} Ne7 {[%clk 0:00:51]} 18. c4 {[%clk 0:02:05]} b6 {[%clk 0:00:47]}
19. Ne5 {[%clk 0:01:58]} Bc8 {[%clk 0:00:46]} 20. c5 {[%clk 0:01:24]} bxc5
{[%clk 0:00:41]} 21. Rxb8 {[%clk 0:01:24]} Qxb8 {[%clk 0:00:42]} 22. Qxc5
{[%clk 0:01:25]} Qb7 {[%clk 0:00:35]} 23. c4 {[%clk 0:01:18]} Rd8
{[%clk 0:00:31]} 24. h3 {[%clk 0:01:04]} Re8 {[%clk 0:00:19]} 25. Rb1
{[%clk 0:01:02]} Qa6 {[%clk 0:00:20]} 26. a3 {[%clk 0:00:51]} Kh7
{[%clk 0:00:20]} 27. Nf3 {[%clk 0:00:40]} Ng6 {[%clk 0:00:20]} 28. Qb5
{[%clk 0:00:34]} Rd8 {[%clk 0:00:18]} 29. Qxa6 {[%clk 0:00:21]} Bxa6
{[%clk 0:00:19]} 30. Bf1 {[%clk 0:00:22]} Rc8 {[%clk 0:00:17]} 31. Rb4
{[%clk 0:00:22]} e5 {[%clk 0:00:17]} 32. Ra4 {[%clk 0:00:23]} Rc6
{[%clk 0:00:17]} 33. Nd2 {[%clk 0:00:23]} e4 {[%clk 0:00:17]} 34. Nb3
{[%clk 0:00:24]} Ne5 {[%clk 0:00:16]} 35. Nd4 {[%clk 0:00:25]} Rg6
{[%clk 0:00:17]} 36. Nxf5 {[%clk 0:00:15]} Bc8 {[%clk 0:00:14]} 37. Ng3
{[%clk 0:00:14]} e3 {[%clk 0:00:14]} 38. Be2 {[%clk 0:00:09]} a6 {[%clk 0:00:09]}
39. Ra5 {[%clk 0:00:10]} Nc6 {[%clk 0:00:08]} 40. Rc5 {[%clk 0:00:10]} exf2+
{[%clk 0:00:09]} 41. Kxf2 {[%clk 0:00:10]} Rf6+ {[%clk 0:00:10]} 42. Bf3
{[%clk 0:00:11]} Bd7 {[%clk 0:00:08]} 43. Kg1 {[%clk 0:00:10]} Nd4
{[%clk 0:00:08]} 44. Kf2 {[%clk 0:00:09]} Nxf3 {[%clk 0:00:07]} 45. gxf3
{[%clk 0:00:09]} Bxh3 46. Ne4 {[%clk 0:00:09]} Rb6 {[%clk 0:00:08]} 47. a4
{[%clk 0:00:10]} Rb2+ {[%clk 0:00:08]} 48. Kg3 {[%clk 0:00:11]} Be6
{[%clk 0:00:09]} 49. Rc6 {[%clk 0:00:12]} Bg8 {[%clk 0:00:07]} 50. c5
{[%clk 0:00:13]} a5 {[%clk 0:00:08]} 51. Ra6 {[%clk 0:00:14]} Rb3
{[%clk 0:00:07]} 52. Rxa5 {[%clk 0:00:15]} Bd5 {[%clk 0:00:08]} 53. Kf4
{[%clk 0:00:16]} Bc6 {[%clk 0:00:07]} 54. Ra6 {[%clk 0:00:17]} Bd5
{[%clk 0:00:08]} 55. c6 {[%clk 0:00:18]} Bc4 {[%clk 0:00:07]} 56. Ra7
{[%clk 0:00:19]} Be2 {[%clk 0:00:08]} 57. c7 {[%clk 0:00:17]} Rxf3+
{[%clk 0:00:07]} 58. Ke5 {[%clk 0:00:18]} Rf8 {[%clk 0:00:07]} 59. Nd6
{[%clk 0:00:19]} Bg4 {[%clk 0:00:08]} 60. Rb7 {[%clk 0:00:16]} h5
{[%clk 0:00:06]} 61. Rb8 {[%clk 0:00:18]} 1-0

[Event "blitzwomeanteam"]
[Site "?"]
[Date "2016.10.08"]
[Round "9.8"]
[White "Severina, Maria"]
[Black "Maltsevskaya, Aleksandra"]
[Result "1/2-1/2"]
[LiveChessVersion "1.4.4"]
[BlackElo "2046"]
[WhiteElo "2266"]

1. Nf3 {[%clk 0:03:03]} g6 {[%clk 0:03:03]} 2. d4 {[%clk 0:03:04]} Bg7
{[%clk 0:03:04]} 3. e4 {[%clk 0:03:01]} d6 {[%clk 0:03:05]} 4. Be2
{[%clk 0:02:58]} Nf6 {[%clk 0:03:05]} 5. Nc3 {[%clk 0:02:49]} O-O
{[%clk 0:03:04]} 6. O-O {[%clk 0:02:50]} c6 {[%clk 0:02:51]} 7. a4
{[%clk 0:02:50]} Nbd7 {[%clk 0:02:48]} 8. h3 {[%clk 0:02:49]} e5 {[%clk 0:02:42]}
9. Re1 {[%clk 0:02:46]} Re8 {[%clk 0:02:41]} 10. Bf1 {[%clk 0:02:48]} exd4
{[%clk 0:02:36]} 11. Nxd4 {[%clk 0:02:42]} Nc5 {[%clk 0:02:36]} 12. f3
{[%clk 0:02:24]} Nh5 {[%clk 0:02:27]} 13. Be3 {[%clk 0:02:08]} Qh4
{[%clk 0:02:07]} 14. Bf2 {[%clk 0:02:07]} Qg5 {[%clk 0:02:08]} 15. g4
{[%clk 0:01:43]} Nf4 {[%clk 0:01:55]} 16. Nce2 {[%clk 0:01:35]} Nxe2+
{[%clk 0:01:49]} 17. Rxe2 {[%clk 0:01:28]} h5 {[%clk 0:01:42]} 18. Qd2
{[%clk 0:01:28]} Qf6 {[%clk 0:01:13]} 19. Bg2 {[%clk 0:01:28]} hxg4
{[%clk 0:01:08]} 20. fxg4 {[%clk 0:01:11]} Be6 {[%clk 0:00:59]} 21. b3
{[%clk 0:00:56]} d5 {[%clk 0:00:43]} 22. e5 {[%clk 0:00:20]} Qe7 {[%clk 0:00:44]}
23. Nxe6 {[%clk 0:00:15]} Nxe6 {[%clk 0:00:44]} 24. Rf1 {[%clk 0:00:16]} Rad8
{[%clk 0:00:25]} 25. Bg3 {[%clk 0:00:18]} Qc5+ {[%clk 0:00:22]} 26. Bf2
{[%clk 0:00:15]} Qe7 {[%clk 0:00:22]} 27. Bg3 {[%clk 0:00:17]} Qc5+ 28. Bf2 Qe7
29. Bg3 Qc5+ {[%clk 0:00:17]} 30. Bf2 {[%clk 0:00:22]} Qe7 1/2-1/2

[Event "blitzwomeanteam"]
[Site "?"]
[Date "2016.10.08"]
[Round "9.9"]
[White "Sukhareva, Evgeniya"]
[Black "Pogonina, Natalija"]
[Result "0-1"]
[LiveChessVersion "1.4.4"]
[BlackElo "2402"]
[WhiteElo "2258"]

1. d4 {[%clk 0:03:03]} Nf6 {[%clk 0:03:03]} 2. c4 {[%clk 0:03:04]} e6
{[%clk 0:03:02]} 3. Nf3 {[%clk 0:03:04]} d5 {[%clk 0:03:03]} 4. Bg5
{[%clk 0:03:04]} Nbd7 {[%clk 0:03:00]} 5. e3 {[%clk 0:03:01]} h6 {[%clk 0:03:00]}
6. Bh4 {[%clk 0:03:02]} Be7 {[%clk 0:02:59]} 7. Nc3 {[%clk 0:03:01]} O-O
{[%clk 0:02:59]} 8. Qc2 {[%clk 0:03:02]} b6 {[%clk 0:02:54]} 9. cxd5
{[%clk 0:03:00]} exd5 {[%clk 0:02:54]} 10. Bd3 {[%clk 0:02:59]} c5
{[%clk 0:02:49]} 11. O-O {[%clk 0:02:57]} Bb7 {[%clk 0:02:32]} 12. Bf5
{[%clk 0:02:56]} a6 {[%clk 0:02:26]} 13. Rfd1 {[%clk 0:02:49]} c4
{[%clk 0:02:27]} 14. Ne5 {[%clk 0:02:41]} Re8 {[%clk 0:02:18]} 15. Rac1
{[%clk 0:02:32]} Nf8 {[%clk 0:02:14]} 16. Bh3 {[%clk 0:02:24]} N6d7
{[%clk 0:02:12]} 17. Bxe7 {[%clk 0:02:16]} Qxe7 {[%clk 0:02:12]} 18. Nxd7
{[%clk 0:01:36]} Nxd7 {[%clk 0:02:12]} 19. Qf5 {[%clk 0:01:33]} Nf6
{[%clk 0:02:09]} 20. Qf3 {[%clk 0:01:32]} b5 {[%clk 0:02:06]} 21. a3
{[%clk 0:01:33]} Bc6 {[%clk 0:01:56]} 22. Ne2 {[%clk 0:01:26]} a5
{[%clk 0:01:51]} 23. Ng3 {[%clk 0:01:18]} g6 {[%clk 0:01:36]} 24. Ne2
{[%clk 0:01:11]} b4 {[%clk 0:01:33]} 25. Ra1 {[%clk 0:01:04]} Kg7
{[%clk 0:01:31]} 26. Ng3 {[%clk 0:00:41]} Bd7 {[%clk 0:01:13]} 27. Bxd7
{[%clk 0:00:38]} Qxd7 {[%clk 0:01:13]} 28. h4 {[%clk 0:00:32]} Qg4
{[%clk 0:01:04]} 29. Qxg4 {[%clk 0:00:30]} Nxg4 {[%clk 0:01:04]} 30. Ne2
{[%clk 0:00:30]} Nf6 {[%clk 0:01:02]} 31. Nf4 {[%clk 0:00:30]} g5
{[%clk 0:01:00]} 32. hxg5 {[%clk 0:00:31]} hxg5 {[%clk 0:01:01]} 33. Ne2
{[%clk 0:00:32]} Kg6 {[%clk 0:00:46]} 34. g3 {[%clk 0:00:28]} Ne4
{[%clk 0:00:45]} 35. Kg2 {[%clk 0:00:28]} Rec8 {[%clk 0:00:40]} 36. f3
{[%clk 0:00:25]} Nd6 {[%clk 0:00:37]} 37. Rdc1 {[%clk 0:00:21]} Nb5
{[%clk 0:00:35]} 38. a4 {[%clk 0:00:19]} Nd6 {[%clk 0:00:35]} 39. g4
{[%clk 0:00:18]} Re8 {[%clk 0:00:34]} 40. Kf2 {[%clk 0:00:18]} Re7
{[%clk 0:00:33]} 41. Ng3 {[%clk 0:00:19]} Rae8 {[%clk 0:00:32]} 42. Re1
{[%clk 0:00:20]} Rh8 {[%clk 0:00:28]} 43. Rh1 {[%clk 0:00:19]} Ree8
{[%clk 0:00:27]} 44. Rh5 {[%clk 0:00:16]} Rxh5 {[%clk 0:00:25]} 45. Nxh5
{[%clk 0:00:17]} f5 {[%clk 0:00:21]} 46. Ng3 {[%clk 0:00:17]} fxg4
{[%clk 0:00:20]} 47. fxg4 {[%clk 0:00:18]} Ne4+ {[%clk 0:00:15]} 48. Nxe4
{[%clk 0:00:18]} Rxe4 {[%clk 0:00:15]} 49. Kf3 {[%clk 0:00:20]} Re8
{[%clk 0:00:16]} 50. Rc1 {[%clk 0:00:20]} Rf8+ {[%clk 0:00:15]} 51. Kg3
{[%clk 0:00:21]} Rf7 {[%clk 0:00:14]} 52. Rd1 {[%clk 0:00:20]} Rc7
{[%clk 0:00:11]} 53. Rc1 {[%clk 0:00:21]} Re7 {[%clk 0:00:09]} 54. Kf3
{[%clk 0:00:21]} Rf7+ {[%clk 0:00:09]} 55. Ke2 {[%clk 0:00:21]} Rh7
{[%clk 0:00:10]} 56. Rf1 {[%clk 0:00:12]} Rh2+ {[%clk 0:00:11]} 57. Rf2
{[%clk 0:00:12]} Rxf2+ {[%clk 0:00:09]} 58. Kxf2 {[%clk 0:00:13]} c3
{[%clk 0:00:10]} 59. bxc3 {[%clk 0:00:14]} b3 {[%clk 0:00:12]} 0-1

[Event "blitzwomeanteam"]
[Site "?"]
[Date "2016.10.08"]
[Round "9.10"]
[White "Mkrtchian, Lilit"]
[Black "Drozdova, Dina"]
[Result "1-0"]
[LiveChessVersion "1.4.4"]
[BlackElo "2241"]
[WhiteElo "2374"]

1. Nf3 {[%clk 0:03:02]} Nf6 {[%clk 0:03:03]} 2. g3 {[%clk 0:03:03]} d5
{[%clk 0:03:02]} 3. Bg2 {[%clk 0:03:01]} c6 {[%clk 0:03:03]} 4. b3
{[%clk 0:03:01]} Bg4 {[%clk 0:03:01]} 5. Bb2 {[%clk 0:03:00]} Nbd7
{[%clk 0:03:00]} 6. c4 {[%clk 0:02:56]} e6 {[%clk 0:02:40]} 7. O-O
{[%clk 0:02:56]} Be7 {[%clk 0:02:41]} 8. d3 {[%clk 0:02:53]} Qc7 {[%clk 0:02:40]}
9. Na3 {[%clk 0:02:47]} O-O {[%clk 0:02:38]} 10. Nc2 {[%clk 0:02:41]} Rad8
{[%clk 0:02:34]} 11. Rc1 {[%clk 0:02:31]} a5 {[%clk 0:02:26]} 12. Qe1
{[%clk 0:02:20]} Ra8 {[%clk 0:02:24]} 13. a3 {[%clk 0:02:18]} Rfe8
{[%clk 0:02:19]} 14. Qd2 {[%clk 0:02:07]} Nc5 {[%clk 0:02:08]} 15. Qc3
{[%clk 0:02:02]} Qb6 {[%clk 0:01:32]} 16. cxd5 {[%clk 0:01:44]} exd5
{[%clk 0:01:26]} 17. Ncd4 {[%clk 0:01:41]} Bd6 {[%clk 0:01:15]} 18. Rfe1
{[%clk 0:01:33]} Bxf3 {[%clk 0:00:59]} 19. Bxf3 {[%clk 0:01:30]} Ncd7
{[%clk 0:00:59]} 20. Nf5 {[%clk 0:01:00]} Be5 {[%clk 0:01:00]} 21. Qc2
{[%clk 0:01:01]} Bxb2 {[%clk 0:01:00]} 22. Qxb2 {[%clk 0:01:02]} Re6
{[%clk 0:00:53]} 23. Nd4 {[%clk 0:00:54]} Ree8 {[%clk 0:00:49]} 24. Bg2
{[%clk 0:00:50]} g6 {[%clk 0:00:35]} 25. b4 {[%clk 0:00:45]} axb4
{[%clk 0:00:35]} 26. axb4 {[%clk 0:00:46]} Kg7 {[%clk 0:00:33]} 27. Ra1
{[%clk 0:00:30]} Rxa1 {[%clk 0:00:32]} 28. Rxa1 {[%clk 0:00:32]} c5
{[%clk 0:00:29]} 29. Nf3 {[%clk 0:00:29]} Qxb4 {[%clk 0:00:27]} 30. Qxb4
{[%clk 0:00:26]} cxb4 {[%clk 0:00:28]} 31. Bf1 {[%clk 0:00:20]} Rc8
{[%clk 0:00:16]} 32. Rb1 {[%clk 0:00:20]} b6 {[%clk 0:00:12]} 33. Rxb4
{[%clk 0:00:21]} Rc1 {[%clk 0:00:14]} 34. Kg2 {[%clk 0:00:22]} h5
{[%clk 0:00:15]} 35. Nd4 {[%clk 0:00:22]} Ng4 {[%clk 0:00:13]} 36. h3
{[%clk 0:00:14]} Nge5 {[%clk 0:00:14]} 37. Rb5 {[%clk 0:00:10]} Rc5
{[%clk 0:00:14]} 38. Rb1 {[%clk 0:00:10]} Nc6 {[%clk 0:00:13]} 39. Nb5
{[%clk 0:00:11]} Nce5 {[%clk 0:00:12]} 40. d4 {[%clk 0:00:12]} Rc2
{[%clk 0:00:11]} 41. dxe5 {[%clk 0:00:13]} Nxe5 {[%clk 0:00:12]} 42. Nd4
{[%clk 0:00:14]} Rd2 {[%clk 0:00:13]} 43. e3 {[%clk 0:00:14]} Nd7
{[%clk 0:00:11]} 44. Bb5 {[%clk 0:00:15]} Nc5 {[%clk 0:00:12]} 45. Bf1
{[%clk 0:00:15]} Ne4 {[%clk 0:00:13]} 46. Ne2 {[%clk 0:00:14]} g5
{[%clk 0:00:11]} 47. Rxb6 {[%clk 0:00:15]} g4 {[%clk 0:00:12]} 48. hxg4 hxg4
{[%clk 0:00:12]} 49. Rb5 {[%clk 0:00:16]} Ng5 {[%clk 0:00:12]} 50. Nd4
{[%clk 0:00:15]} Ne4 {[%clk 0:00:13]} 51. Be2 {[%clk 0:00:16]} Nc3
{[%clk 0:00:14]} 52. Bxg4 {[%clk 0:00:11]} Nxb5 {[%clk 0:00:12]} 53. Nxb5
{[%clk 0:00:12]} Kf6 {[%clk 0:00:13]} 54. Bf3 {[%clk 0:00:11]} Ke5
{[%clk 0:00:11]} 55. Nd4 {[%clk 0:00:11]} f6 {[%clk 0:00:09]} 56. Nc6+
{[%clk 0:00:11]} Kd6 {[%clk 0:00:10]} 57. Nd4 {[%clk 0:00:11]} Ke5
{[%clk 0:00:12]} 58. g4 {[%clk 0:00:10]} Ra2 {[%clk 0:00:12]} 59. Kg3
{[%clk 0:00:12]} Rb2 {[%clk 0:00:13]} 60. Ne2 {[%clk 0:00:12]} Rc2
{[%clk 0:00:13]} 61. Nd4 {[%clk 0:00:12]} Rb2 {[%clk 0:00:15]} 62. Bg2
{[%clk 0:00:13]} Ra2 {[%clk 0:00:15]} 63. f4+ {[%clk 0:00:12]} Ke6
{[%clk 0:00:16]} 1-0

[Event "blitzwomeanteam"]
[Site "?"]
[Date "2016.10.08"]
[Round "9.11"]
[White "Nechaeva, Marina"]
[Black "Tomilova, Elena"]
[Result "0-1"]
[LiveChessVersion "1.4.4"]
[BlackElo "2223"]
[WhiteElo "2351"]

1. d4 {[%clk 0:03:03]} d5 {[%clk 0:03:01]} 2. Bf4 {[%clk 0:03:03]} c5
{[%clk 0:02:59]} 3. dxc5 {[%clk 0:02:59]} Nc6 {[%clk 0:02:58]} 4. Nf3
{[%clk 0:02:54]} e6 {[%clk 0:02:57]} 5. e3 {[%clk 0:02:49]} Bxc5 {[%clk 0:02:57]}
6. Nbd2 {[%clk 0:02:45]} Nf6 {[%clk 0:02:57]} 7. c3 {[%clk 0:02:41]} O-O
{[%clk 0:02:58]} 8. Bd3 {[%clk 0:02:40]} Re8 {[%clk 0:02:52]} 9. Ne5
{[%clk 0:02:38]} Bd6 {[%clk 0:02:49]} 10. Ndf3 {[%clk 0:02:31]} Qc7
{[%clk 0:02:48]} 11. Nxc6 {[%clk 0:02:25]} bxc6 {[%clk 0:02:43]} 12. Bg5
{[%clk 0:02:20]} Ne4 {[%clk 0:02:38]} 13. Bxe4 {[%clk 0:02:14]} dxe4
{[%clk 0:02:39]} 14. Nd2 {[%clk 0:02:11]} f5 {[%clk 0:02:37]} 15. Nc4
{[%clk 0:01:51]} Bf8 {[%clk 0:02:34]} 16. O-O {[%clk 0:01:29]} Ba6
{[%clk 0:02:32]} 17. b3 {[%clk 0:01:20]} Bxc4 {[%clk 0:02:29]} 18. bxc4
{[%clk 0:01:21]} h6 {[%clk 0:02:28]} 19. Bf4 {[%clk 0:01:12]} e5 {[%clk 0:02:28]}
20. Bg3 {[%clk 0:01:14]} f4 {[%clk 0:02:28]} 21. exf4 {[%clk 0:01:11]} exf4
{[%clk 0:02:29]} 22. Bh4 {[%clk 0:01:12]} g5 {[%clk 0:02:24]} 23. Qg4
{[%clk 0:01:07]} Qc8 {[%clk 0:02:00]} 24. Qh5 {[%clk 0:00:58]} gxh4
{[%clk 0:01:57]} 25. Rfd1 {[%clk 0:00:48]} Qe6 {[%clk 0:01:34]} 26. Qxh4
{[%clk 0:00:42]} Qe5 {[%clk 0:01:30]} 27. Rd7 {[%clk 0:00:37]} Qg5
{[%clk 0:00:53]} 28. Qh3 {[%clk 0:00:36]} Rad8 {[%clk 0:00:45]} 29. Rxa7
{[%clk 0:00:34]} e3 {[%clk 0:00:43]} 30. fxe3 {[%clk 0:00:29]} Rxe3
{[%clk 0:00:39]} 0-1

[Event "blitzwomeanteam"]
[Site "?"]
[Date "2016.10.08"]
[Round "9.12"]
[White "Kovanova, Baira"]
[Black "Baraeva, Marina"]
[Result "1-0"]
[LiveChessVersion "1.4.4"]
[BlackElo "2170"]
[WhiteElo "2282"]

1. Nf3 {[%clk 0:03:03]} Nf6 {[%clk 0:03:04]} 2. g3 {[%clk 0:03:03]} d5
{[%clk 0:03:04]} 3. Bg2 {[%clk 0:03:04]} c6 {[%clk 0:03:06]} 4. O-O Bf5 5. d3
{[%clk 0:03:04]} h6 {[%clk 0:03:09]} 6. Nbd2 {[%clk 0:03:03]} Nbd7
{[%clk 0:03:09]} 7. Re1 {[%clk 0:02:50]} e6 {[%clk 0:02:47]} 8. e4
{[%clk 0:02:50]} dxe4 {[%clk 0:02:48]} 9. dxe4 {[%clk 0:02:50]} Bh7
{[%clk 0:02:49]} 10. e5 {[%clk 0:02:35]} Nd5 {[%clk 0:02:47]} 11. Ne4
{[%clk 0:02:24]} Bxe4 {[%clk 0:02:21]} 12. Rxe4 {[%clk 0:02:24]} Bc5
{[%clk 0:02:11]} 13. Re1 {[%clk 0:02:12]} a5 {[%clk 0:02:09]} 14. Qe2
{[%clk 0:02:11]} Qb6 {[%clk 0:02:05]} 15. c3 {[%clk 0:02:11]} Rd8
{[%clk 0:01:58]} 16. Rf1 {[%clk 0:01:29]} O-O {[%clk 0:01:57]} 17. Qe4
{[%clk 0:01:27]} Rfe8 {[%clk 0:01:50]} 18. Nd4 {[%clk 0:01:16]} f5
{[%clk 0:01:36]} 19. exf6 {[%clk 0:01:07]} N7xf6 {[%clk 0:01:37]} 20. Qh4
{[%clk 0:01:05]} Bxd4 {[%clk 0:01:02]} 21. cxd4 {[%clk 0:01:05]} Ne7
{[%clk 0:01:03]} 22. Qh3 {[%clk 0:00:45]} Nf5 {[%clk 0:00:56]} 23. g4
{[%clk 0:00:42]} Nxd4 {[%clk 0:00:52]} 24. g5 {[%clk 0:00:39]} hxg5
{[%clk 0:00:46]} 25. Bxg5 {[%clk 0:00:40]} Qc5 {[%clk 0:00:40]} 26. Bxf6
{[%clk 0:00:39]} gxf6 {[%clk 0:00:41]} 27. Kh1 {[%clk 0:00:37]} Qf5
{[%clk 0:00:37]} 28. Qh4 {[%clk 0:00:32]} Ne2 {[%clk 0:00:37]} 29. Rae1
{[%clk 0:00:30]} Rd4 {[%clk 0:00:26]} 30. Qh6 {[%clk 0:00:27]} Nf4
{[%clk 0:00:11]} 31. Bf3 {[%clk 0:00:21]} Kf7 {[%clk 0:00:09]} 32. Rg1
{[%clk 0:00:21]} Rg8 {[%clk 0:00:11]} 33. Rxg8 {[%clk 0:00:21]} Kxg8
{[%clk 0:00:12]} 34. Rg1+ {[%clk 0:00:22]} Kf7 {[%clk 0:00:05]} 35. Rg7+
{[%clk 0:00:22]} 1-0

[Event "blitzwomeanteam"]
[Site "?"]
[Date "2016.10.08"]
[Round "10.1"]
[White "Galliamova, Alisa"]
[Black "Ruchieva, Natalia"]
[Result "1/2-1/2"]
[LiveChessVersion "1.4.4"]
[BlackElo "2194"]
[WhiteElo "2403"]

1. d4 {[%clk 0:03:03]} d5 {[%clk 0:03:03]} 2. c4 {[%clk 0:03:03]} dxc4
{[%clk 0:03:03]} 3. Nf3 {[%clk 0:03:00]} Nf6 {[%clk 0:03:03]} 4. e3
{[%clk 0:03:01]} e6 {[%clk 0:03:01]} 5. Bxc4 {[%clk 0:03:01]} a6 {[%clk 0:03:01]}
6. O-O {[%clk 0:03:01]} c5 {[%clk 0:02:57]} 7. b3 {[%clk 0:02:56]} b5
{[%clk 0:02:43]} 8. Be2 {[%clk 0:02:54]} Bb7 {[%clk 0:02:41]} 9. Bb2
{[%clk 0:02:54]} Nbd7 {[%clk 0:02:23]} 10. a4 {[%clk 0:02:50]} bxa4
{[%clk 0:02:07]} 11. Rxa4 {[%clk 0:02:20]} Be7 {[%clk 0:01:51]} 12. Nbd2
{[%clk 0:02:16]} O-O {[%clk 0:01:45]} 13. Qa1 {[%clk 0:01:59]} Qc8
{[%clk 0:01:15]} 14. Rc1 {[%clk 0:01:58]} Nb6 {[%clk 0:01:01]} 15. Ra5
{[%clk 0:01:57]} Nbd5 {[%clk 0:00:43]} 16. dxc5 {[%clk 0:01:50]} Nb4
{[%clk 0:00:39]} 17. Nd4 {[%clk 0:01:40]} Nc6 {[%clk 0:00:27]} 18. Nxc6
{[%clk 0:01:37]} Bxc6 {[%clk 0:00:15]} 19. Rxa6 {[%clk 0:01:10]} Qb7
{[%clk 0:00:11]} 20. f3 {[%clk 0:01:09]} Rfd8 {[%clk 0:00:09]} 21. Rxa8
{[%clk 0:00:59]} Rxa8 {[%clk 0:00:10]} 22. Qb1 {[%clk 0:00:58]} Rd8
{[%clk 0:00:10]} 23. Qc2 {[%clk 0:00:42]} Nd5 {[%clk 0:00:10]} 24. Nf1
{[%clk 0:00:37]} Nb4 {[%clk 0:00:09]} 25. Qb1 {[%clk 0:00:34]} Nd5
{[%clk 0:00:09]} 26. Bd4 {[%clk 0:00:34]} Nb4 {[%clk 0:00:09]} 27. Qb2
{[%clk 0:00:31]} f6 {[%clk 0:00:09]} 28. Bc4 {[%clk 0:00:32]} Bd5
{[%clk 0:00:08]} 29. Bxd5 {[%clk 0:00:30]} Qxd5 {[%clk 0:00:09]} 30. Qc3
{[%clk 0:00:29]} Nc6 {[%clk 0:00:09]} 31. b4 {[%clk 0:00:24]} e5 {[%clk 0:00:10]}
32. Bxe5 {[%clk 0:00:09]} Nxe5 {[%clk 0:00:10]} 33. b5 {[%clk 0:00:08]} Rc8
{[%clk 0:00:10]} 34. c6 {[%clk 0:00:04]} Qxb5 {[%clk 0:00:11]} 35. c7
{[%clk 0:00:05]} Qd7 {[%clk 0:00:11]} 36. e4 {[%clk 0:00:06]} Bd6
{[%clk 0:00:11]} 37. Qb3+ {[%clk 0:00:05]} Qf7 {[%clk 0:00:10]} 38. Qb7
{[%clk 0:00:05]} Qd7 {[%clk 0:00:10]} 39. Qd5+ {[%clk 0:00:06]} Nf7
{[%clk 0:00:09]} 40. Ne3 {[%clk 0:00:03]} Rxc7 {[%clk 0:00:09]} 41. Rd1
{[%clk 0:00:05]} Rc5 {[%clk 0:00:08]} 42. Qd4 {[%clk 0:00:06]} Rc8
{[%clk 0:00:07]} 43. Nf5 {[%clk 0:00:06]} Rd8 {[%clk 0:00:07]} 44. Qd5
{[%clk 0:00:08]} Bc5+ {[%clk 0:00:07]} 45. Kf1 {[%clk 0:00:03]} Qxd5
{[%clk 0:00:07]} 46. exd5 {[%clk 0:00:04]} Ne5 {[%clk 0:00:07]} 47. Ke2
{[%clk 0:00:05]} Kf7 {[%clk 0:00:07]} 48. f4 {[%clk 0:00:07]} Nc4
{[%clk 0:00:07]} 49. Kf3 {[%clk 0:00:07]} Nd6 {[%clk 0:00:08]} 50. Ng3
{[%clk 0:00:05]} f5 {[%clk 0:00:08]} 51. Ne2 {[%clk 0:00:05]} Ne4 52. h3 Bd6
{[%clk 0:00:07]} 53. g4 {[%clk 0:00:08]} fxg4+ {[%clk 0:00:07]} 54. Kxe4
{[%clk 0:00:09]} gxh3 {[%clk 0:00:07]} 55. Rh1 {[%clk 0:00:10]} Re8+
{[%clk 0:00:07]} 56. Kf3 {[%clk 0:00:12]} Bc5 {[%clk 0:00:08]} 57. Ng3
{[%clk 0:00:12]} Re3+ {[%clk 0:00:08]} 58. Kg4 {[%clk 0:00:13]} Rd3
{[%clk 0:00:09]} 59. Rxh3 {[%clk 0:00:14]} Rxd5 {[%clk 0:00:10]} 60. Rxh7
{[%clk 0:00:15]} Rd7 {[%clk 0:00:10]} 61. Ne4 {[%clk 0:00:15]} Ba7
{[%clk 0:00:10]} 62. f5 {[%clk 0:00:15]} Be3 {[%clk 0:00:10]} 63. f6
{[%clk 0:00:13]} Kg8 {[%clk 0:00:08]} 64. Rxg7+ Rxg7+ 65. fxg7 Kxg7 66. Kf3
1/2-1/2